| 000 | 00491nam a2200133Ia 4500 | ||
|---|---|---|---|
| 008 | 231129s1995||||xx |||||||||||||| ||spa|| | ||
| 040 | _bspa | ||
| 082 | _a306.74 P671p | ||
| 100 | _aCamara de Comercio de Bogotá | ||
| 245 | 0 | _aPirobos: Trabajadores sexuales en el centro de Santafé de Bogotá | |
| 260 | _c1995 | ||
| 264 | _aBogotá Colombia : Corporación para el Desarrollo Integral de Bogotá y Cundinamarca; Cámara de Comercio de Bogotá. Depto de Publicaciones | ||
| 942 |
_2ddc _cBKS |
||
| 999 |
_c22790 _d22790 |
||